[Event "5th Marlboro Classic"]
[Site "Manila/Bauang PHI"]
[Date "1977.10.25"]
[Round "4"]
[White "Torre, Eugenio"]
[Black "Naranja, Renato"]
[WhiteElo "2550"]
[BlackElo "2345"]
[Result "1-0"]
[EventDate "1977.10.21"]
[PlyCount "77"]

1.e4 c5 2.Nf3 b6 3.c4 Bb7 4.Nc3 Nc6 5.d4 cxd4 6.Nxd4 g6 7.Be2 Bg7 8.Be3 
Nf6 9.O-O O-O 10.f3 Re8 11.Qd2 Rc8 12.Rfd1 Qc7 13.Rac1 Qb8 14.Bf1 d6 15.
Nde2 Ne5 16.b3 Rcd8 17.Nd5 Ned7 18.Bf4 Nf8 19.Bh6 Bh8 20.Nec3 Ne6 21.Kh1 
Bg7 22.Bxg7 Kxg7 23.Nxf6 exf6 24.Nd5 Rc8 25.Ne3 h5 26.Qxd6 Qxd6 27.Rxd6 
Red8 28.Rcd1 Rxd6 29.Rxd6 Rd8 30.Rxd8 Nxd8 31.Kg1 Kf8 32.Kf2 Ke7 33.Nd5+ 
Ke6 34.g3 f5 35.Bh3 Ke5 36.exf5 gxf5 37.Nc3 f6 38.Ke3 Nf7 39.Nb5 1-0

[Event "5th Marlboro Classic"]
[Site "Manila/Bauang PHI"]
[Date "1977.10.26"]
[Round "5"]
[White "Bachtiar, Arovah"]
[Black "Sampouw, Jacobus Sawandar"]
[WhiteElo "2335"]
[BlackElo "2315"]
[Result "1-0"]
[EventDate "1977.10.21"]
[PlyCount "85"]

1.d4 Nf6 2.c4 g6 3.Nc3 Bg7 4.Nf3 d6 5.g3 O-O 6.Bg2 c6 7.O-O Be6 8.b3 Qc8 
9.e4 Bh3 10.Re1 Bxg2 11.Kxg2 Na6 12.Ba3 Nh5 13.Qd2 Qd7 14.Rad1 b5 15.Ne2 
bxc4 16.bxc4 Rab8 17.h3 c5 18.Qa5 Qc6 19.dxc5 dxc5 20.Nc3 f5 21.Nd5 Rfe8 
22.exf5 e6 23.Rxe6 Rxe6 24.fxe6 Qxe6 25.Qe1 Qf7 26.Ng5 Rb7 27.Rb1 Qd7 28.
Qe6+ Qxe6 29.Nxe6 Rf7 30.Nxg7 Nxg7 31.Rb5 Ne6 32.Ra5 Nb8 33.Bxc5 Nc6 34.
Ra6 Ned8 35.Be3 Rb7 36.Bg5 Kf7 37.Bxd8 Nxd8 38.c5 Rb5 39.Rxa7+ Rb7 40.
Rxb7+ Nxb7 41.c6 Nd6 42.c7 Nc8 43.Kf3 1-0

[Event "5th Marlboro Classic"]
[Site "Manila/Bauang PHI"]
[Date "1977.10.26"]
[Round "5"]
[White "Balinas, Rosendo Carrean"]
[Black "Harandi, Khosro"]
[WhiteElo "2420"]
[BlackElo "2375"]
[Result "0-1"]
[EventDate "1977.10.21"]
[PlyCount "105"]

1.e4 c5 2.Nf3 Nc6 3.d4 cxd4 4.Nxd4 Nf6 5.Nc3 d6 6.Bc4 e6 7.Be3 Be7 8.Qe2 
O-O 9.O-O-O a6 10.g4 Ne5 11.f3 Nxc4 12.Qxc4 Bd7 13.g5 Nh5 14.Rhg1 b5 15.
Qd3 b4 16.Nce2 a5 17.Kb1 a4 18.f4 Qa5 19.Bd2 Qc5 20.Qf3 g6 21.Be3 Qc4 22.
f5 Rfc8 23.f6 Bd8 24.b3 axb3 25.cxb3 Qa6 26.Rd2 e5 27.Nf5 Be6 28.Nc1 Rc3 
29.Ne7+ Bxe7 30.fxe7 Qb7 31.Rxd6 Qxe7 32.Rgd1 Qb7 33.Rd8+ Rxd8 34.Rxd8+ 
Kg7 35.Ne2 Bxb3 36.axb3 Rxb3+ 37.Kc2 Rxe3 38.Qxe3 Qc7+ 39.Kb3 Qxd8 40.Kxb4
Kg8 41.h4 Qb8+ 42.Kc4 Ng7 43.Kd5 Ne6 44.Nc3 Nf4+ 45.Kc6 Qc8+ 46.Kd6 Qe6+ 
47.Kc5 Qg4 48.Nd5 Qxh4 49.Nf6+ Kg7 50.Ne8+ Kh8 51.Qb3 Ne6+ 52.Kd6 Qxg5 53.
Qb8 {time} 0-1

[Event "5th Marlboro Classic"]
[Site "Manila/Bauang PHI"]
[Date "1977.10.26"]
[Round "5"]
[White "Cardoso, Rodolfo Tan"]
[Black "Mascarinas, Rico"]
[WhiteElo "2320"]
[BlackElo "2345"]
[Result "1-0"]
[EventDate "1977.10.21"]
[PlyCount "137"]

1.e4 c5 2.Nf3 d6 3.d4 cxd4 4.Nxd4 Nf6 5.Nc3 Nc6 6.Be2 e6 7.O-O Be7 8.Be3 
O-O 9.Nb3 a6 10.a4 b6 11.f4 Qc7 12.Bf3 Rb8 13.Qe2 Nb4 14.g4 Rd8 15.g5 Ne8 
16.Rad1 g6 17.Bg2 Ng7 18.Qf2 Rf8 19.Rd4 Nc6 20.Rc4 b5 21.axb5 axb5 22.Rxc6
Qxc6 23.f5 Bd8 24.f6 Nh5 25.Bf3 b4 26.e5 Qd7 27.Nd2 Qc7 28.exd6 Qxd6 29.
Nce4 Qc7 30.Bxh5 gxh5 31.Bc5 e5 32.Qh4 Qd7 33.Qxh5 Qg4+ 34.Qxg4 Bxg4 35.
Bxf8 Kxf8 36.Kg2 Rc8 37.Kg3 Be6 38.c3 bxc3 39.bxc3 Ba5 40.Rc1 Rd8 41.Ra1 
Bb6 42.Kf3 Bd5 43.Ke2 Bc6 44.c4 Bd4 45.Ra6 Bd7 46.Rd6 Bg4+ 47.Kd3 Rb8 48.
c5 Ke8 49.c6 Bf5 50.Nc4 Bc5 51.Rd5 Rd8 52.Rxd8+ Kxd8 53.Nxe5 Kc7 54.h4 Ba3
55.Nxf7 Kxc6 56.Nh6 Bg6 57.Kd4 Bb2+ 58.Ke3 Kd5 59.Ng3 Bc1+ 60.Kf3 Ke6 61.
Ne2 Bh5+ 62.Ng4 Kf5 63.Ng3+ Kg6 64.Nxh5 Kxh5 65.Kg3 Bb2 66.Kf4 Kxh4 67.Kf5
Ba3 68.f7 Bf8 69.Nf6 1-0

[Event "5th Marlboro Classic"]
[Site "Manila/Bauang PHI"]
[Date "1977.10.26"]
[Round "5"]
[White "Naranja, Renato"]
[Black "Ardiansyah, Haji"]
[WhiteElo "2345"]
[BlackElo "2330"]
[Result "1-0"]
[EventDate "1977.10.21"]
[PlyCount "99"]

1.c4 Nf6 2.Nc3 e6 3.Nf3 Be7 4.e4 d6 5.d4 O-O 6.Be2 c5 7.O-O cxd4 8.Nxd4 
Nc6 9.Nc2 Qc7 10.Bf4 Ne5 11.Ne3 b6 12.Rc1 Bb7 13.Bd3 Rfd8 14.Bb1 Rac8 15.
b3 Qb8 16.Qe2 Qa8 17.Bg5 Ng6 18.Ng4 Nxg4 19.Bxe7 Nxe7 20.Qxg4 Ba6 21.h4 
Rc5 22.h5 h6 23.f4 Qc6 24.f5 f6 25.Rf3 Bc8 26.Rcf1 exf5 27.exf5 Re5 28.Be4
Qc5+ 29.Kh2 Kh8 30.Rg3 Rg8 31.Nd5 Qd4 32.Rf4 Qd2 33.Ne3 Bd7 34.Nd5 Qe1 35.
Nxe7 Rxe7 36.Bd5 Rge8 37.Re4 Qf2 38.Be6 Bc6 39.Re2 Qf1 40.Rd2 Rd8 41.Rgd3 
Qe1 42.Qg3 Qc1 43.Rd1 Qc2 44.R3d2 Qe4 45.Re1 Rxe6 46.Rxe4 Rxe4 47.Rxd6 
Rh4+ 48.Kg1 Rxd6 49.Qxd6 Be4 50.Qg3 1-0

[Event "5th Marlboro Classic"]
[Site "Manila/Bauang PHI"]
[Date "1977.10.26"]
[Round "5"]
[White "Sharif, Mehrshad"]
[Black "Torre, Eugenio"]
[WhiteElo "2360"]
[BlackElo "2550"]
[Result "1/2-1/2"]
[EventDate "1977.10.21"]
[PlyCount "62"]

1.e4 c5 2.Nf3 Nc6 3.d4 cxd4 4.Nxd4 Nf6 5.Nc3 d6 6.Bc4 Qb6 7.Nb3 a6 8.Qe2 
e6 9.a4 Qc7 10.a5 Nd7 11.f4 Nc5 12.Be3 Be7 13.Qf2 Bd7 14.O-O Nb4 15.Nxc5 
dxc5 16.f5 O-O 17.Bf4 Qc8 18.Be5 f6 19.Bf4 Kh8 20.g4 Qc6 21.Rad1 Rad8 22.
Rxd7 Rxd7 23.Bxe6 Rdd8 24.Qh4 Bd6 25.Be3 Qe8 26.g5 fxg5 27.Bxg5 Be5 28.Rf3
Rf6 29.Bxf6 gxf6 30.Nd5 Nxd5 31.exd5 Qb5 1/2-1/2

[Event "5th Marlboro Classic"]
[Site "Manila/Bauang PHI"]
[Date "1977.10.26"]
[Round "5"]
[White "Shaw, Terrey Ian"]
[Black "Chandler, Murray Graham"]
[WhiteElo "2385"]
[BlackElo "2385"]
[Result "1-0"]
[EventDate "1977.10.21"]
[PlyCount "103"]

1.e4 c5 2.g3 d5 3.exd5 Qxd5 4.Nf3 Bg4 5.Bg2 Qe6+ 6.Kf1 Bh3 7.d3 Qd7 8.Be3 
Bxg2+ 9.Kxg2 e6 10.d4 cxd4 11.Qxd4 Qc6 12.Rd1 Nd7 13.Rd3 e5 14.Qc3 e4 15.
Nd4 Qa6 16.Rd1 Ngf6 17.Nd2 Bc5 18.Nf5 Bxe3 19.Qxe3 O-O 20.Nxe4 Rfe8 21.Qg5
g6 22.Nxf6+ Qxf6 23.Qxf6 Nxf6 24.Ne3 Re5 25.Rd4 Rae8 26.Rad1 Kg7 27.c4 h5 
28.h4 R8e6 29.Rd6 Re8 30.Kf3 Ne4 31.R6d5 R5e6 32.Ng2 Nf6 33.Rd6 Re5 34.Ne3
Ne4 35.Rd8 R8e6 36.Nd5 Nd6 37.Nf4 Nxc4 38.Nxe6+ Rxe6 39.b3 Ne5+ 40.Kg2 Ng4
41.R1d2 a6 42.R8d7 Rb6 43.Re7 Nf6 44.Rd8 Rc6 45.Rb8 Nd5 46.Re5 Nc3 47.Rxb7
Nxa2 48.Ree7 Kf6 49.Rxf7+ Ke5 50.Rfc7 Rxc7 51.Rxc7 Nb4 52.Rc4 1-0

[Event "5th Marlboro Classic"]
[Site "Manila/Bauang PHI"]
[Date "1977.10.26"]
[Round "5"]
[White "Tarjan, James Edward"]
[Black "Kouatly, Bachar"]
[WhiteElo "2495"]
[BlackElo "2340"]
[Result "1-0"]
[EventDate "1977.10.21"]
[PlyCount "93"]

1.d4 Nf6 2.c4 g6 3.Nc3 d5 4.cxd5 Nxd5 5.e4 Nxc3 6.bxc3 Bg7 7.Bc4 O-O 8.Ne2
c5 9.O-O Nc6 10.Be3 cxd4 11.cxd4 Bg4 12.f3 Na5 13.Bd5 Bd7 14.Rb1 a6 15.a4 
e6 16.Ba2 Rc8 17.d5 Nc4 18.Bxc4 Rxc4 19.dxe6 Bxe6 20.Nf4 Bd4 21.Bxd4 Rxd4 
22.Nxe6 Rxd1 23.Rfxd1 Qa5 24.Nxf8 Kxf8 25.Rxb7 Qc5+ 26.Kh1 Qc4 27.Ra1 h5 
28.h3 a5 29.Rd7 h4 30.Rad1 Qc2 31.R7d4 g5 32.e5 Qe2 33.Rd5 Ke7 34.Rg1 Qc4 
35.Rxa5 Qb4 36.Ra6 Qc3 37.Rb6 Qxe5 38.Rb5 Qf4 39.a5 Kf6 40.Ra1 Qd4 41.Rbb1
Kf5 42.a6 Qa7 43.Rb4 f6 44.Rb6 Kf4 45.Rxf6+ Kg3 46.Rf5 g4 47.Rg5 1-0

[Event "5th Marlboro Classic"]
[Site "Manila/Bauang PHI"]
[Date "1977.10.28"]
[Round "6"]
[White "Ardiansyah, Haji"]
[Black "Sharif, Mehrshad"]
[WhiteElo "2330"]
[BlackElo "2360"]
[Result "0-1"]
[EventDate "1977.10.21"]
[PlyCount "76"]

1.e4 e5 2.Nf3 Nc6 3.Bb5 a6 4.Ba4 Nf6 5.O-O Be7 6.Re1 b5 7.Bb3 d6 8.c3 O-O 
9.h3 Bb7 10.d4 Re8 11.Nbd2 Bf8 12.a4 h6 13.axb5 axb5 14.Rxa8 Qxa8 15.Qc2 
Nd8 16.d5 c6 17.c4 bxc4 18.Ba4 Nd7 19.Nxc4 Nc5 20.dxc6 Nxc6 21.Bb5 Rd8 22.
Be3 Nxe4 23.Qxe4 Nd4 24.Qd3 Be4 25.Qf1 Nxb5 26.Ra1 Qc6 27.Nfd2 Bg6 28.Ra5 
Nc7 29.b4 Rb8 30.f4 exf4 31.Qxf4 Rxb4 32.Kh2 Ne6 33.Qf3 Rxc4 34.Nxc4 Qxc4 
35.Ra8 Be4 36.Qg4 f5 37.Qh4 Qe2 38.Rxf8+ Nxf8 0-1

[Event "5th Marlboro Classic"]
[Site "Manila/Bauang PHI"]
[Date "1977.10.28"]
[Round "6"]
[White "Chandler, Murray Graham"]
[Black "Naranja, Renato"]
[WhiteElo "2385"]
[BlackElo "2345"]
[Result "0-1"]
[EventDate "1977.10.21"]
[PlyCount "82"]

1.e4 c5 2.Nf3 d6 3.d4 cxd4 4.Nxd4 Nf6 5.Nc3 e6 6.f4 a6 7.Qf3 Bd7 8.e5 dxe5
9.fxe5 Nc6 10.Qf4 Nd5 11.Nxd5 Nxd4 12.Qxd4 Bc6 13.Bc4 Rc8 14.Be3 Bxd5 15.
Bxd5 exd5 16.O-O-O Bc5 17.Qd3 O-O 18.Rhe1 Qb6 19.c3 Rfe8 20.Kb1 h6 21.Bxc5
Rxc5 22.Ka1 a5 23.Qd4 Qc6 24.Re3 b6 25.Qf4 Rc4 26.Qf3 Re4 27.Rxe4 dxe4 28.
Qf4 g5 29.Qe3 Rxe5 30.a3 Qf6 31.Kb1 Re6 32.h4 Qf4 33.Qxf4 gxf4 34.Kc2 Rg6 
35.Rd2 Kf8 36.Kd1 Ke7 37.Rd5 Rd6 38.Rxd6 Kxd6 39.b3 Kc5 40.Ke2 f5 41.a4 b5
0-1

[Event "5th Marlboro Classic"]
[Site "Manila/Bauang PHI"]
[Date "1977.10.28"]
[Round "6"]
[White "Harandi, Khosro"]
[Black "Cardoso, Rodolfo Tan"]
[WhiteElo "2375"]
[BlackElo "2320"]
[Result "0-1"]
[EventDate "1977.10.21"]
[PlyCount "166"]

1.e4 g6 2.d4 c6 3.Nc3 Bg7 4.Nf3 d5 5.Be2 Bg4 6.Be3 dxe4 7.Nxe4 Nd7 8.O-O 
Ngf6 9.Nxf6+ Nxf6 10.c4 O-O 11.h3 Bxf3 12.Bxf3 Qd7 13.Qb3 Rfd8 14.Rfd1 e6 
15.Rd2 Ne8 16.Bg5 f6 17.Bf4 g5 18.Bh2 Qf7 19.Re1 Bf8 20.Rdd1 Kh8 21.c5 Ng7
22.Qc4 Rd7 23.b4 Rad8 24.g4 a6 25.a4 Kg8 26.Kg2 h6 27.Bg3 Be7 28.b5 axb5 
29.axb5 cxb5 30.Qxb5 Rxd4 31.Rxd4 Rxd4 32.Rc1 e5 33.Qxb7 Ne6 34.c6 Bd6 35.
Rb1 Bc7 36.Ra1 Kg7 37.Bd1 Qe7 38.Rb1 Qd6 39.Bf3 Qe7 40.Qa7 Kf7 41.Rb7 Kg7 
42.Qa5 Qf7 43.Qc3 Qe7 44.Qc2 Rb4 45.Bd5 Nd8 46.Rxb4 Qxb4 47.Qf5 Qd6 48.Be4
Kf8 49.Qc8 Ke7 50.Qa6 Qd4 51.Qa3+ Qd6 52.Qc3 Ne6 53.Qc4 Qd4 54.Qc2 Qd6 55.
f3 Qc5 56.Qa2 Bb6 57.Qb1 Qd4 58.Kh1 Kd6 59.Qd3 Qxd3 60.Bxd3 Kxc6 61.Be4+ 
Kb5 62.Kg2 Kc4 63.h4 Be3 64.h5 Kc5 65.Be1 Kd6 66.Kf1 Bc5 67.Bc3 Ng7 68.Ke2
Ke6 69.Bb7 f5 70.Bc8+ Kf6 71.Kd3 Ne6 72.Kc4 Bb6 73.Kd5 Nf4+ 74.Kd6 Bd4 75.
Ba5 e4 76.Bd8+ Kg7 77.fxe4 fxe4 78.Ba5 e3 79.Ba6 e2 80.Ke7 Nd5+ 81.Kd6 Nf4
82.Ke7 Bf2 83.Bc3+ Kh7 0-1

[Event "5th Marlboro Classic"]
[Site "Manila/Bauang PHI"]
[Date "1977.10.28"]
[Round "6"]
[White "Kouatly, Bachar"]
[Black "Bachtiar, Arovah"]
[WhiteElo "2340"]
[BlackElo "2335"]
[Result "1-0"]
[EventDate "1977.10.21"]
[PlyCount "77"]

1.d4 Nf6 2.c4 e6 3.Nc3 Bb4 4.Bg5 h6 5.Bh4 Bxc3+ 6.bxc3 d6 7.e3 Nbd7 8.Bd3 
Qe7 9.f3 e5 10.Ne2 g5 11.Bf2 e4 12.fxe4 Nxe4 13.O-O Ndf6 14.Ng3 Nxg3 15.
Bxg3 Ne4 16.Qh5 Nxg3 17.hxg3 Rf8 18.e4 Be6 19.d5 Bd7 20.Qxh6 f6 21.Qg6+ 
Rf7 22.c5 O-O-O 23.c6 Bg4 24.Rf2 Rdf8 25.Be2 Bxe2 26.Qf5+ Kb8 27.Rxe2 Qe8 
28.Rb1 b6 29.a4 Qc8 30.a5 Qa6 31.axb6 cxb6 32.Qf3 Re7 33.e5 g4 34.Qf2 Rh7 
35.exd6 Rfh8 36.Qe3 Qc8 37.Rxb6+ Ka8 38.d7 Qd8 39.Rb7 1-0

[Event "5th Marlboro Classic"]
[Site "Manila/Bauang PHI"]
[Date "1977.10.28"]
[Round "6"]
[White "Mascarinas, Rico"]
[Black "Tarjan, James Edward"]
[WhiteElo "2345"]
[BlackElo "2495"]
[Result "0-1"]
[EventDate "1977.10.21"]
[PlyCount "98"]

1.e4 c5 2.Nf3 d6 3.d4 cxd4 4.Qxd4 Nc6 5.Bb5 Bd7 6.Bxc6 Bxc6 7.Nc3 Nf6 8.
Bg5 e6 9.O-O-O Be7 10.Rhe1 O-O 11.Qd2 Qc7 12.Nd4 Rfd8 13.f4 b5 14.Bxf6 
Bxf6 15.Ndxb5 Bxb5 16.Nxb5 Qc4 17.Qd3 Qxa2 18.Qa3 Bxb2+ 19.Qxb2 Qxb2+ 20.
Kxb2 Rab8 21.c4 a6 22.e5 axb5 23.Rxd6 bxc4+ 24.Kc3 Rdc8 25.Ra1 Rb3+ 26.Kc2
g5 27.Ra7 gxf4 28.Rd4 Re3 29.Rxf4 Rf8 30.Rg4+ Kh8 31.Rxc4 Rxe5 32.Rg4 h5 
33.Rg3 Rc8+ 34.Kd3 Rd8+ 35.Kc4 Rf5 36.Re7 Kh7 37.Kc3 Kh6 38.Re3 Rd1 39.Ra7
Kg6 40.Kc2 Rh1 41.Rg3+ Kf6 42.h3 Rf2+ 43.Kd3 Rh2 44.Ra5 Rhxg2 45.Rxg2 Rxg2
46.Rxh5 Rg5 47.Rh8 Kg7 48.Rh4 Kg6 49.Ke3 f5 0-1

[Event "5th Marlboro Classic"]
[Site "Manila/Bauang PHI"]
[Date "1977.10.28"]
[Round "6"]
[White "Sampouw, Jacobus Sawandar"]
[Black "Shaw, Terrey Ian"]
[WhiteElo "2315"]
[BlackElo "2385"]
[Result "1/2-1/2"]
[EventDate "1977.10.21"]
[PlyCount "61"]

1.e4 e5 2.Nf3 Nc6 3.Nc3 Nf6 4.d4 Bb4 5.d5 Nb8 6.Bd3 Bxc3+ 7.bxc3 d6 8.h3 
Nbd7 9.O-O h6 10.Qe2 Nf8 11.Bb5+ Bd7 12.Bxd7+ N8xd7 13.Ne1 Nc5 14.f3 Qe7 
15.Be3 Nfd7 16.Nd3 O-O 17.Bxc5 Nxc5 18.Nxc5 dxc5 19.Rab1 Rab8 20.Rb3 a5 
21.c4 b6 22.f4 exf4 23.Rxf4 Rbe8 24.Re3 f6 25.Qg4 Qe5 26.Rg3 Re7 27.h4 
Rfe8 28.c3 Kh8 29.Rgf3 Rf8 30.Qg6 Kg8 31.Rg4 1/2-1/2

[Event "5th Marlboro Classic"]
[Site "Manila/Bauang PHI"]
[Date "1977.10.28"]
[Round "6"]
[White "Torre, Eugenio"]
[Black "Balinas, Rosendo Carrean"]
[WhiteElo "2550"]
[BlackElo "2420"]
[Result "1-0"]
[EventDate "1977.10.21"]
[PlyCount "76"]

1.c4 e5 2.Nc3 Nf6 3.e3 Bb4 4.Nge2 c6 5.d4 e4 6.d5 O-O 7.a3 Bd6 8.Ng3 Re8 
9.Be2 a5 10.O-O Na6 11.Rb1 g6 12.Qc2 Qe7 13.Rd1 Nc7 14.b3 cxd5 15.cxd5 b6 
16.a4 Bb7 17.Bc4 h5 18.Bb2 h4 19.Nf1 h3 20.g3 Nh7 21.Ne2 Ng5 22.Nf4 Kh7 
23.Kh1 f6 24.Qe2 f5 25.Ba1 Nf3 26.Nxh3 g5 27.Nd2 g4 28.Nxf3 exf3 29.Qc2 
Kg6 30.Rd4 Be5 31.Rxg4+ Kf6 32.Nf4 Qh7 33.Rg6+ Qxg6 34.Nxg6 Kxg6 35.g4 d6 
36.Qxf5+ Kh6 37.Bxe5 Rxe5 38.Qf6+ Kh7 1-0

[Event "5th Marlboro Classic"]
[Site "Manila/Bauang PHI"]
[Date "1977.10.29"]
[Round "7"]
[White "Bachtiar, Arovah"]
[Black "Shaw, Terrey Ian"]
[WhiteElo "2335"]
[BlackElo "2385"]
[Result "1-0"]
[EventDate "1977.10.21"]
[PlyCount "65"]

1.d4 d5 2.c4 e6 3.Nc3 Nf6 4.e3 Be7 5.Nf3 O-O 6.Bd3 Nbd7 7.O-O c6 8.Qe2 Re8
9.e4 dxe4 10.Nxe4 Nxe4 11.Bxe4 f5 12.Bc2 Bf6 13.Re1 Qe7 14.Bf4 b6 15.Qd2 
Qd8 16.Qe3 Qe7 17.Qb3 g6 18.Rad1 Nf8 19.d5 c5 20.Be5 Nd7 21.Bxf6 Qxf6 22.
Qe3 e5 23.Ba4 e4 24.Bc6 Rb8 25.Qf4 Rd8 26.Bxd7 Bxd7 27.Rxe4 Rf8 28.Re2 
Rbe8 29.Rde1 Rxe2 30.Rxe2 Re8 31.Rxe8+ Bxe8 32.Qe5 Qxe5 33.Nxe5 1-0

[Event "5th Marlboro Classic"]
[Site "Manila/Bauang PHI"]
[Date "1977.10.29"]
[Round "7"]
[White "Balinas, Rosendo Carrean"]
[Black "Ardiansyah, Haji"]
[WhiteElo "2420"]
[BlackElo "2330"]
[Result "0-1"]
[EventDate "1977.10.21"]
[PlyCount "94"]

1.e4 c5 2.Nf3 d6 3.d4 cxd4 4.Nxd4 Nf6 5.Nc3 a6 6.Bg5 Nbd7 7.Bc4 Qa5 8.Qd2 
e6 9.O-O-O b5 10.Bb3 Bb7 11.Rhe1 O-O-O 12.Bxf6 Nxf6 13.f3 Be7 14.Kb1 Kb8 
15.a3 Nd7 16.a4 bxa4 17.Nxa4 Qxd2 18.Rxd2 Nc5 19.Rdd1 Nxb3 20.Nxb3 Ka7 21.
Na5 Ba8 22.Re3 Rb8 23.Rc3 Rhc8 24.Rdd3 Bd8 25.Nc4 d5 26.exd5 Bxd5 27.Nd6 
Rc7 28.b3 f6 29.Ne4 f5 30.Nec5 Bf6 31.Nxe6 Rxc3 32.Rxd5 Re3 33.Nd4 Re1+ 
34.Ka2 Bxd4 35.Rxd4 Re2 36.Kb2 Rc8 37.Rd7+ Kb8 38.Rxg7 Rcxc2+ 39.Kb1 Rxg2 
40.Rxh7 Rcf2 41.Rh8+ Kc7 42.Rh7+ Kd6 43.Rh6+ Ke5 44.Rc6 Rg1+ 45.Rc1 Rxc1+ 
46.Kxc1 Rxf3 47.Nc5 Rc3+ 0-1

[Event "5th Marlboro Classic"]
[Site "Manila/Bauang PHI"]
[Date "1977.10.29"]
[Round "7"]
[White "Cardoso, Rodolfo Tan"]
[Black "Torre, Eugenio"]
[WhiteElo "2320"]
[BlackElo "2550"]
[Result "0-1"]
[EventDate "1977.10.21"]
[PlyCount "106"]

1.e4 d6 2.d4 Nf6 3.Nc3 g6 4.Be2 Bg7 5.Nf3 O-O 6.O-O c6 7.a4 Nbd7 8.Be3 e5 
9.Nd2 d5 10.exd5 Nxd5 11.Nxd5 exd4 12.Bf4 cxd5 13.Nb3 Qf6 14.Bc1 b6 15.a5 
Nc5 16.Nd2 Bf5 17.Nf3 h6 18.Ra3 Rac8 19.Ne1 Rfe8 20.g4 Qe6 21.Bf3 Be4 22.
Bg2 Bxg2 23.Nxg2 Qc6 24.axb6 axb6 25.Rf3 Ne6 26.Ne1 Ng5 27.Rd3 Qe6 28.Ng2 
Qe2 29.Bxg5 hxg5 30.Rd2 Qb5 31.Qb1 Re2 32.Rfd1 Rce8 33.Rd3 Bf8 34.Rf3 Qc4 
35.Ne1 Qc6 36.c3 dxc3 37.bxc3 Qc4 38.h3 Qe4 39.Qxe4 dxe4 40.Re3 Rxe3 41.
fxe3 Rc8 42.Rc1 Bb4 43.Rb1 Bxc3 44.Kf2 Ra8 45.Kf1 b5 46.Rb3 b4 47.Nc2 Ra4 
48.Ke2 Kf8 49.Rb1 Ke7 50.Nd4 Ra2+ 51.Kf1 Kd6 52.Ne2 Kd5 53.Rd1+ Rd2 0-1

[Event "5th Marlboro Classic"]
[Site "Manila/Bauang PHI"]
[Date "1977.10.29"]
[Round "7"]
[White "Kouatly, Bachar"]
[Black "Mascarinas, Rico"]
[WhiteElo "2340"]
[BlackElo "2345"]
[Result "0-1"]
[EventDate "1977.10.21"]
[PlyCount "46"]

1.d4 Nf6 2.c4 e6 3.Nc3 Bb4 4.Bg5 h6 5.Bh4 c5 6.d5 b5 7.dxe6 fxe6 8.cxb5 
O-O 9.e3 Qa5 10.Bxf6 Rxf6 11.Qb3 a6 12.bxa6 Nxa6 13.Nf3 Bb7 14.Be2 c4 15.
Qc2 Raf8 16.Rd1 Nc5 17.O-O Nd3 18.a3 Bd6 19.Bxd3 cxd3 20.Qxd3 Bxf3 21.Qxd6
Rg6 22.Rfe1 Rxg2+ 23.Kf1 Qg5 0-1

[Event "5th Marlboro Classic"]
[Site "Manila/Bauang PHI"]
[Date "1977.10.29"]
[Round "7"]
[White "Naranja, Renato"]
[Black "Sampouw, Jacobus Sawandar"]
[WhiteElo "2345"]
[BlackElo "2315"]
[Result "1-0"]
[EventDate "1977.10.21"]
[PlyCount "103"]

1.c4 e5 2.Nc3 Nc6 3.g3 g6 4.Bg2 Bg7 5.d3 Nge7 6.h4 h6 7.e4 d6 8.Be3 Be6 9.
Qd2 Qd7 10.Nd5 O-O-O 11.O-O-O Kb8 12.Kb1 Nc8 13.Ne2 N6e7 14.d4 Ng8 15.dxe5
Bxe5 16.Nd4 c6 17.Nxe6 Qxe6 18.Bh3 f5 19.exf5 gxf5 20.Qa5 Rd7 21.Nf4 Qf7 
22.Nd3 Bg7 23.Qxf5 Nf6 24.Ne5 dxe5 25.Rxd7 Qxd7 26.Qxd7 Nxd7 27.Bxd7 Nd6 
28.b3 Kc7 29.Bg4 b6 30.Kc2 Rf8 31.Rd1 Rf7 32.Bh5 Rf6 33.g4 Rf8 34.Bg6 Rf6 
35.h5 Rf3 36.Kd3 Rh3 37.Ke2 Nc8 38.Bf5 Nd6 39.Be6 Bf8 40.b4 c5 41.bxc5 
bxc5 42.Rd5 Ne4 43.Rd7+ Kb6 44.Rd3 Rh4 45.Rb3+ Kc7 46.Ra3 Kb6 47.Rb3+ Kc7 
48.Bd5 Rxg4 49.Rb7+ Kd6 50.Rf7 Be7 51.Kf3 Nxf2 52.Bxf2 1-0

[Event "5th Marlboro Classic"]
[Site "Manila/Bauang PHI"]
[Date "1977.10.29"]
[Round "7"]
[White "Sharif, Mehrshad"]
[Black "Chandler, Murray Graham"]
[WhiteElo "2360"]
[BlackElo "2385"]
[Result "0-1"]
[EventDate "1977.10.21"]
[PlyCount "74"]

1.e4 c5 2.Nf3 Nc6 3.d4 cxd4 4.Nxd4 Nf6 5.Nc3 e5 6.Ndb5 d6 7.a4 Be6 8.Nd5 
Bxd5 9.exd5 Ne7 10.c4 g6 11.Be2 Bg7 12.a5 a6 13.Nc3 O-O 14.O-O Nf5 15.Re1 
Qc7 16.Bf1 Rae8 17.Bd2 e4 18.Ra3 Re7 19.b4 Rfe8 20.Be3 h5 21.Bb6 Qc8 22.c5
Ng4 23.Be2 Nxf2 24.Kxf2 Bd4+ 25.Qxd4 Nxd4 26.cxd6 Qf5+ 27.Kg1 Nxe2+ 28.
Rxe2 Rd7 29.Bc5 e3 30.Raa2 Qd3 31.Rac2 Re4 32.Rc1 Re5 33.h3 f5 34.Kf1 f4 
35.Ke1 Rg5 36.Na4 f3 37.Rxe3 f2+ 0-1

[Event "5th Marlboro Classic"]
[Site "Manila/Bauang PHI"]
[Date "1977.10.29"]
[Round "7"]
[White "Tarjan, James Edward"]
[Black "Harandi, Khosro"]
[WhiteElo "2495"]
[BlackElo "2375"]
[Result "1/2-1/2"]
[EventDate "1977.10.21"]
[PlyCount "117"]

1.d4 Nf6 2.c4 e6 3.Nc3 d5 4.cxd5 exd5 5.Bg5 Be7 6.e3 c6 7.Qc2 Nbd7 8.Bd3 
g6 9.Nf3 O-O 10.O-O Re8 11.Rae1 Ne4 12.Bxe7 Qxe7 13.Bxe4 dxe4 14.Nd2 Nf6 
15.f3 exf3 16.Nxf3 Bf5 17.Qa4 Be6 18.Rf2 Ng4 19.Rd2 Bd5 20.Qd1 Rad8 21.h3 
Bxf3 22.Qxf3 Ne5 23.Qf1 Nd7 24.Kh1 Nf6 25.e4 Nh5 26.Qf2 Qg5 27.e5 Qg3 28.
Kg1 Qxf2+ 29.Kxf2 f5 30.Na4 Nf4 31.Nc5 Re7 32.Kf3 Ne6 33.Nxe6 Rxe6 34.g4 
fxg4+ 35.hxg4 g5 36.Ke3 c5 37.Ke4 cxd4 38.Rxd4 Rxd4+ 39.Kxd4 Kf7 40.Kd5 
Rc6 41.Re3 Rc2 42.e6+ Ke7 43.Rb3 b6 44.Rh3 Rc5+ 45.Kd4 Ra5 46.a3 Kxe6 47.
Rh6+ Ke7 48.Rxh7+ Kf6 49.Rh6+ Ke7 50.Rh3 Ke6 51.Rh6+ Ke7 52.Rc6 Ra4+ 53.
Rc4 Rxc4+ 54.Kxc4 Kd6 55.Kd4 b5 56.Ke4 Ke6 57.b3 a5 58.a4 b4 59.Kd4 
1/2-1/2

[Event "5th Marlboro Classic"]
[Site "Manila/Bauang PHI"]
[Date "1977.10.30"]
[Round "8"]
[White "Ardiansyah, Haji"]
[Black "Cardoso, Rodolfo Tan"]
[WhiteElo "2330"]
[BlackElo "2320"]
[Result "1-0"]
[EventDate "1977.10.21"]
[PlyCount "155"]

1.d4 Nf6 2.c4 e6 3.Nc3 Bb4 4.Nf3 c5 5.e3 O-O 6.Be2 d6 7.O-O Nbd7 8.Qc2 
Bxc3 9.Qxc3 b6 10.b3 Bb7 11.Bb2 Ne4 12.Qc2 Rc8 13.Rad1 Qe7 14.dxc5 bxc5 
15.Nd2 f5 16.Nxe4 fxe4 17.Qd2 Rc6 18.f4 Nb6 19.Qe1 d5 20.a4 dxc4 21.a5 Nd5
22.Bxc4 Ba6 23.f5 Bxc4 24.bxc4 Nf6 25.Qg3 exf5 26.Rxf5 h6 27.Be5 Rf7 28.
Rdf1 Kh7 29.h4 Rf8 30.h5 Re6 31.Qg6+ Kg8 32.Bxf6 Rexf6 33.Rxf6 Rxf6 34.
Rxf6 Qxf6 35.Qe8+ Kh7 36.Qxe4+ Kh8 37.Kh2 Qd8 38.a6 Qd6+ 39.Qf4 Qxa6 40.
Qf8+ Kh7 41.Qxc5 Qf6 42.Kg3 Qc3 43.Qd4 Qxd4 44.exd4 a5 45.c5 a4 46.c6 a3 
47.c7 a2 48.c8=Q a1=Q 49.Qf5+ Kg8 50.Qe6+ Kf8 51.d5 Qc3+ 52.Kh2 Qc5 53.
Qf5+ Ke7 54.Qe5+ Kf7 55.Kg3 Qb5 56.Qe6+ Kf8 57.Kg4 Qb2 58.g3 Qb3 59.Qe4 
Kg8 60.Qf5 Qc3 61.Kh3 Qb2 62.Qe4 Qc3 63.Kg4 Qd2 64.Kf5 Qc3 65.Qe8+ Kh7 66.
Qc6 Qf3+ 67.Ke6 Qxh5 68.d6 Qg6+ 69.Kd7 Qxg3 70.Kc8 h5 71.d7 Qg4 72.Qc5 h4 
73.Kc7 Qf4+ 74.Kb7 Qf3+ 75.Qc6 Qb3+ 76.Kc8 Qh3 77.Qe4+ Kg8 78.Qd5+ 1-0

[Event "5th Marlboro Classic"]
[Site "Manila/Bauang PHI"]
[Date "1977.10.30"]
[Round "8"]
[White "Chandler, Murray Graham"]
[Black "Balinas, Rosendo Carrean"]
[WhiteElo "2385"]
[BlackElo "2420"]
[Result "1-0"]
[EventDate "1977.10.21"]
[PlyCount "141"]

1.e4 c5 2.c3 Nf6 3.e5 Nd5 4.d4 cxd4 5.cxd4 d6 6.Nf3 Nc6 7.Bc4 e6 8.O-O Be7
9.Re1 O-O 10.a3 Qb6 11.Bd3 g6 12.Re4 f5 13.exf6 Bxf6 14.Bc2 Bd7 15.Nc3 
Nce7 16.Ng5 Bxg5 17.Bxg5 Qxb2 18.Nxd5 Nxd5 19.Rb1 Qa2 20.Re2 Qc4 21.Rxb7 
Qc6 22.Rb2 Rab8 23.Qb1 Rxb2 24.Qxb2 Rc8 25.Bd3 Qb6 26.Qxb6 axb6 27.Re1 Ra8
28.Bc1 Ra4 29.Bb2 Kf7 30.Rc1 Ke7 31.Bc4 Nf6 32.f3 Ra5 33.Kf2 d5 34.Be2 Ne8
35.Bc3 Ra7 36.Bb4+ Kd8 37.Kg3 Ba4 38.Bd3 Rf7 39.Kg4 Nf6+ 40.Kg5 Ne8 41.Be1
Nd6 42.Bg3 Bb5 43.Bxd6 Bxd3 44.Rc3 Bf1 45.g4 Bc4 46.Re3 Kd7 47.Be5 Bf1 48.
Rc3 b5 49.f4 Bc4 50.Kh6 Ke8 51.h3 Ra7 52.Bg7 Kf7 53.Kxh7 Ra8 54.h4 Rc8 55.
h5 gxh5 56.g5 Ra8 57.g6+ Ke7 58.Re3 Kd7 59.Be5 Ba2 60.f5 exf5 61.g7 f4 62.
Re1 Bc4 63.g8=Q Bd3+ 64.Kh8 Rxg8+ 65.Kxg8 f3 66.Bg3 Be4 67.Kg7 Kc6 68.Kf6 
Kb6 69.Ke5 Ka5 70.Kf4 Ka4 71.Re3 1-0

[Event "5th Marlboro Classic"]
[Site "Manila/Bauang PHI"]
[Date "1977.10.30"]
[Round "8"]
[White "Harandi, Khosro"]
[Black "Kouatly, Bachar"]
[WhiteElo "2375"]
[BlackElo "2340"]
[Result "0-1"]
[EventDate "1977.10.21"]
[PlyCount "104"]

1.e4 c5 2.Nf3 Nc6 3.Bb5 g6 4.O-O Bg7 5.Re1 e5 6.c3 Nge7 7.d3 d5 8.Bg5 O-O 
9.Nbd2 f6 10.Bh4 Kh8 11.Ba4 Be6 12.a3 a6 13.Bc2 d4 14.Nb3 Qd6 15.Nfd2 b5 
16.cxd4 Nxd4 17.Nxd4 Qxd4 18.Rb1 Rfd8 19.Nf3 Qd6 20.Bb3 Bg4 21.Ba2 Bxf3 
22.Qxf3 g5 23.Bg3 Qxd3 24.Qg4 c4 25.h4 Qd7 26.Qh5 Qe8 27.Qxe8+ Rxe8 28.
hxg5 fxg5 29.b3 c3 30.Rbc1 Rac8 31.b4 Rc7 32.Re3 c2 33.Bb3 h5 34.f3 Rec8 
35.Be1 g4 36.Re2 Nc6 37.Rexc2 Bh6 38.Bd2 Bxd2 39.Rxd2 Nd4 40.Rxc7 Rxc7 41.
Bd1 g3 42.Kf1 h4 43.f4 Rf7 44.f5 Rc7 45.Rd3 Kg7 46.Ke1 Kf6 47.Kd2 Rg7 48.
Re3 h3 49.Re1 h2 50.Rf1 Rh7 51.Rh1 Rh4 52.Ke3 Rf4 0-1